000 00428nam a2200157 i 4500
001 34374
003 ES-MaACL
005 20230906154925.0
007 t|
008 030204s1958 sp ||||1| spa d
100 0 _aBlanck, Willy de.
_929165
245 1 0 _aDiez poesías y diez canciones /
_cWilly Blanck.
260 _a[Barcelona :
_bs.n.,
_c1958] (
_fGasa)
300 _a56 p. ;
_c22 cm.
852 _aES-MaACL
_jC-18415
_bR.47167
999 _c34374
_d34374